000 00432cam a22001577a 4500
008 180718b1998 xxu||||| |||| 00| 0 eng d
020 _a818696200X
082 _aB1243x54 K848
100 _aKothari, Rajni
245 _aCommunalism in Indian politics
_cby Rajni Kothari
260 _aAhmedabad
_bRainbow
_c1998
300 _a224p.
650 _aDemocracy - India
650 _aHuman rights - India
650 _aCommunalism - India
999 _c386977
_d386977